Normalization of Global Financial Conditions : The Implications for Brazil /

Global financial conditions are poised to tighten further as the global recovery proceeds. While monetary policy normalization should be a healthy global development as growth continues to recover in advanced economies, financial spillovers seen during the taper episode-which started with the announ...

Ful tanımlama

Detaylı Bibliyografya
Yazar: Matheson, Troy
Materyal Türü: Dergi
Dil:English
Baskı/Yayın Bilgisi: Washington, D.C. : International Monetary Fund, 2015.
Seri Bilgileri:IMF Working Papers; Working Paper ; No. 2015/194
Konular:
Online Erişim:Full text available on IMF
LEADER 02189cas a2200253 a 4500
001 AALejournalIMF015485
008 230101c9999 xx r poo 0 0eng d
020 |c 5.00 USD 
020 |z 9781513588117 
022 |a 1018-5941 
040 |a BD-DhAAL  |c BD-DhAAL 
100 1 |a Matheson, Troy. 
245 1 0 |a Normalization of Global Financial Conditions :   |b The Implications for Brazil /  |c Troy Matheson. 
264 1 |a Washington, D.C. :  |b International Monetary Fund,  |c 2015. 
300 |a 1 online resource (15 pages) 
490 1 |a IMF Working Papers 
500 |a <strong>Off-Campus Access:</strong> No User ID or Password Required 
500 |a <strong>On-Campus Access:</strong> No User ID or Password Required 
506 |a Electronic access restricted to authorized BRAC University faculty, staff and students 
520 3 |a Global financial conditions are poised to tighten further as the global recovery proceeds. While monetary policy normalization should be a healthy global development as growth continues to recover in advanced economies, financial spillovers seen during the taper episode-which started with the announcement in May 2013 of possible tapering of U.S. asset purchases-hint at potential challenges for Brazil. The Fed's communications related to normalization have improved significantly since the taper episode and, at present, a rise in Fed Funds rate in 2015 is widely anticipated by markets-arguably the most widely anticipated tightening of monetary policy in history. While Brazil could benefit from tighter global financial conditions associated with improved global prospects, bouts of heightened uncertainty about the future course of monetary policy cannot be ruled out. Thus, the correct diagnosis of the underlying reasons behind tighter global financial conditions remains crucially important for Brazil. Adverse spillovers can be mitigated by strengthening policy frameworks and fundamentals. 
538 |a Mode of access: Internet 
651 7 |a United States  |2 imf 
830 0 |a IMF Working Papers; Working Paper ;  |v No. 2015/194 
856 4 0 |z Full text available on IMF  |u http://elibrary.imf.org/view/journals/001/2015/194/001.2015.issue-194-en.xml  |z IMF e-Library